| 000 | 01127nam a2200265 i 4500 | ||
|---|---|---|---|
| 003 | IT-RoINE | ||
| 005 | 20201103071528.0 | ||
| 008 | 031030s2003 sp | r o||| ||spa d | ||
| 020 | _a8497181107 | ||
| 040 |
_aSpMaBN _cIT-RoINE |
||
| 100 | 1 |
_aCalvo Caballero, Pilar _918795 |
|
| 245 | 1 | 0 |
_aAsociacionismo y cultura patronales en Castilla y León durante la Restauración (1876-1923) / _cPilar Calvo Caballero. |
| 260 |
_a[Valladolid] : _bConsejería de Cultura y Turismo, Junta de Castilla y León, _c2003. |
||
| 300 |
_a487 p. ; _c25 cm. |
||
| 336 |
_2rdacontent _atext |
||
| 337 |
_2rdamedia _aunmediated |
||
| 338 |
_2rdacarrier _avolume |
||
| 490 | 1 | _aEstudios de historia | |
| 504 | _aFuentes documentales y bibliográficas: p. [473]-482 | ||
| 650 | 4 |
_918796 _aAsociaciones de empresarios _zEspaña _zCastilla y León _xHistoria _y1874-1902 (Restauración) |
|
| 651 | 4 |
_aEspaña _xHistoria _97069 _y1874-1902 (Restauración) |
|
| 651 | 4 |
_918797 _aCastilla y León (España) _xCondiciones económicas _xHistoria _y1874-1902 (Restauración) |
|
| 830 | 0 |
_aEstudios de historia (Junta de Castilla y León) _912838 |
|
| 942 | _cMTS | ||
| 999 |
_c9083 _d9083 |
||